Statistieken voor FIFA Wereldbeker podium

Klik hier om de quiz te nemen!

Algemene statistieken

  • Deze quiz is 284 keer genomen
    (148 sinds de laatste reset)
  • De gemiddelde score is 16 van 21

Antwoordstatistieken

Land% Correct
Argentinië
100%
Frankrijk
99%
Kroatië
95%
Spanje
95%
Brazilië
94%
Duitsland
94%
Nederland
93%
België
91%
Italië
91%
Engeland
85%
Portugal
85%
Uruguay
83%
Verenigde Staten
71%
Zweden
67%
Polen
62%
Hongarije
55%
Turkije
55%
Chili
49%
West-Duitsland
46%
Oostenrijk
43%
Tsjechoslowakije
29%

Scoreverdeling

Percentiel versus Aantal Correcte Antwoorden

Procent van Mensen met Elke Score

Uw Scoregeschiedenis

U heeft deze quiz nog niet genomen sinds de laatste reset